000 00821nam a22001937a 4500
005 20160429020002.0
008 130812b2013 ck ||||| |||| 00| 0 spa d
020 _a9789090274027
041 _aeng
044 _ack
082 _a588.0981
_bB174f
100 1 _aBalcázar-Vargas, María Paula
_91449
245 1 0 _aFrom Forest floor tothe canopy :
_blife history of secondary hemiepiphytes (heteropsis species) in the colombian amazon
_cMaría Paula Balcázar-Vargas
246 _aDesde el suelo hasta el dosel del bosque
_bla historia de vida de las hemiepífitas secundarias en la amazonía colombiana
260 _aBogotá
_bGVO drukkers & vormgevers B.V.
_c2013
300 _a163 p.
_bil., tablas
_c24 cm.
_e3 apéndices
650 _aHemiepiphytes secondary
_zAmazonas (Región, Colombia)
_91450
942 _2ddc
_cImpreso
_01
999 _c7541
_d7541